000 00719nam a2200229Ii 4500
003 JO-AjNU
008 230605s9999||||xx |||||||||||||| ||und||
017 _a89/1700
020 _a977-1471-17-1
040 _aJO-AjNU
_bara
_erda
_cJO-AjNU
041 _aara
050 1 4 _aBP75.2.I2648 1989
100 3 _aابن سعد,
_eauthor
_956331
245 0 0 _aالسيرة النبوية من الطبقات الكبرى، مج1
250 _aط1
264 3 1 _aالقاهرة: الزهراء للاعلام العربي، 1989
300 _aمج1، 511ص
336 _atext
_btxt
_2rdacontent
337 _aunmediated
_bn
_2rdamedia
338 _avolume
_bnc
_2rdacarrier
650 4 _aالسيرة النبوية
_956332
999 _aA25178
_c28746
_d28746